000 00898nam a2200229Ia 4500
001 9198
003 GE_BSU
008 181216s||||||||xx |||||||||||||| ||und||
040 _cGE_BSU
080 _a821.353.1–32
100 _aლორთქიფანიძე,კონსტანტინე
245 _aთხზულებანი ოთხ ტომად. ტ.1
245 _bსიკვდილი ცოტას მოიცდის.მოთხრობები.
245 _cრედ.ლ.ნანიტაშვილი.მხატვ.თ.სამსონაძე
260 _aთბილისი
260 _bსაბჭოთა საქართველო
260 _c1969
300 _a445გვ.20სმ.
653 _aმოთხრობები.
653 _aსიკვდილი ცოტას მოიცდის
942 _cBK
999 _c42501
_d42501